Top 20 Eminem Song - Statistics

General Stats
  • This quiz has been taken 25 times
  • The average score is 9 of 20
Answer Stats
# Album Score Song % Correct
2 8 Mile 97 Lose Yourself
92%
1 The Marshall Mathers LP 98 Stan
88%
6 The Marshall Mathers LP 94 The Real Slim Shady
88%
4 The Eminem Show 95 Without me
83%
3 The Eminem Show 95 Till I collapse
63%
16 Encore 90 Mockingbird
58%
17 The Slim Shady LP 89 My Name is
54%
15 The Eminem Show 90 Bussines
46%
5 8 Mile 94 8 Mile
42%
9 Relapse 92 Beautiful
42%
13 The Slim Shady LP 90 Role Model
33%
8 The Eminem Show 92 Sing For The Moment
33%
7 The Marshall Mathers LP 93 The Way I Am
33%
10 The Eminem Show 92 Cleanin out my closet
29%
19 The Slim Shady LP 88 Guilty Conscience
29%
11 8 Mile 91 Rabbit Run
29%
12 The Slim Shady LP 90 Rock Bottom
29%
14 Relapse 90 Deja vu
25%
20 The Marshall Mathers LP 88 Bitch Please II
13%
18 Single 89 Infinite
8%
No matching quizzes found
Score Distribution
Percent of People with Each Score
Percentile by Number Answered
Your Score History
You have not taken this quiz